000 00983nam a22003137a 4500
001 BR7000421
003 BR-BrBNA
005 20230928083603.0
007 ta
008 230509b bl.||||| |||| 00| 0 por d
040 _aBR-BrBNA
_bpor
_cBiblioteca Nacional de Agricultura
041 _a(Por)
072 _aA50; A00
_b/G514
090 _ A50 BR7000421
100 1 _aLima, M.C. de A.
110 1 _aConselho Nacional de Pesquisas, Rio de Janeiro, GB (Brasil)
_92694
111 1 _a2. Seminario Internacional de Administracao de Pesquisa Agropecuaria
_cCampinas, SP (Brazil)
_d27 Jul 1970
245 1 _aPrioridades na pesquisa agropecuaria no nordeste [Brasil]
260 3 _aRio de Janeiro, GB (Brasil):
_c1970.
300 _a13 p.
500 _a40 ref.; Summary (Eng)
650 _aPesquisa
650 _aAgricultura
650 _aPesquisa agricola
650 _aPlanejamento de pesquisa
650 _aNordeste
909 _a202309
_bLucia
_c55
_dLucia Elande
942 _cBK
999 _c14322
_d14322